Normal view
MARC view
- AKHILA TOM THEKKANADY
Entry Personal Name
001 - CONTROL NUMBER
- control field: 3842
003 - CONTROL NUMBER IDENTIFIER
- control field: OSt
005 - DATE AND TIME OF LATEST TRANSACTION
- control field: 20181101142130.0
008 - FIXED-LENGTH DATA ELEMENTS
- fixed length control field: 181101|| aca||aabn | a|a d
040 ## - CATALOGING SOURCE
- Original cataloging agency: OSt
- Transcribing agency: OSt
100 ## - HEADING--PERSONAL NAME
- Personal name: AKHILA TOM THEKKANADY
670 ## - SOURCE DATA FOUND
- Source citation: Work cat.: (OSt)14975: AKHILA TOM THEKKANADY SHAHEEMATH SUHARA K.K VIDHYA C, Development and evaluation of a vertical farming structure
